| 000 | 00596nam a2200181 a 4500 | ||
|---|---|---|---|
| 005 | 20140412111329.0 | ||
| 008 | 110129s19uu xx 00 eng d | ||
| 020 | _a1-564-02-447-4 | ||
| 050 |
_aTR(PS E _bLe46 1993 |
||
| 100 | _aWaddell, Martin | ||
| 245 |
_aLet's go home, little bear / _cMartin Waddell. |
||
| 260 |
_aMassachusetts : _bCandlewick, _c1993. |
||
| 300 | _aunp. | ||
| 520 | _aWhen little bear is frightened by the noises he hears while walking in the snowy woods, his friend big bear reassures him. | ||
| 650 | _aFear - fiction | ||
| 650 | _aNoise - fiction | ||
| 999 |
_c104834 _d104834 |
||